|
|
|
|
| LEADER |
00000nam0a2200000 4500 |
| 001 |
294884 |
| 005 |
20231102000741.0 |
| 035 |
|
|
|a (RuTPU)RU\TPU\book\319959
|
| 090 |
|
|
|a 294884
|
| 100 |
|
|
|a 20150519d1982 km y0rusy50 ca
|
| 101 |
0 |
|
|a rus
|
| 102 |
|
|
|a RU
|
| 105 |
|
|
|a y z 001zy
|
| 200 |
1 |
|
|a Из прошлого советской музыкальной культуры
|e [сборник]
|h Вып. 3
|f сост. Т. Н. Ливанова
|
| 210 |
|
|
|a Москва
|c Советский композитор
|d 1982
|
| 215 |
|
|
|a 280 с.
|
| 320 |
|
|
|a Указ. имен: с. 270-280
|
| 606 |
1 |
|
|a Музыка
|2 stltpush
|3 (RuTPU)RU\TPU\subj\73462
|9 86458
|
| 610 |
1 |
|
|a СССР
|
| 610 |
1 |
|
|a музыкальная культура
|
| 610 |
1 |
|
|a музыкальная критика
|
| 610 |
1 |
|
|a история
|
| 675 |
|
|
|a 78
|v 4
|
| 702 |
|
1 |
|a Ливанова
|b Т. Н.
|g Тамара Николаевна
|4 220
|
| 801 |
|
1 |
|a RU
|b 63413507
|c 20150519
|
| 801 |
|
2 |
|a RU
|b 63413507
|c 20191021
|g RCR
|
| 942 |
|
|
|c BK
|